• 首页
  • 本馆介绍
  • 公告通知
  • 最新文献
  • 馆藏检索
  • 电子资源
  • 读者导购
  • 参考咨询
  • 我的图书馆
  • 登录
  • 详细信息显示
  • 放入我的书架
  • 预约/预借图书
  • 作者相关作品
  • 分类相关作品
  • 丛书相关作品
  • 出版社相关作品

书目信息

  • 表格格式
  • 工作单格式
  • 卡片格式
题名:
云林石谱
    
 
作者: 杜绾 著 ;寇甲 , 孙林 编著
分册:  
出版信息: 北京   中华书局  2014
页数: 205页
开本: 23cm
丛书名:
单 册:
中图分类: P583
科图分类:
主题词: 岩石--基本知识
电子资源:
ISBN: 978-7-101-08680-5
000 00891nam0 2200265 450
001 340021
005 20150604164828.06
010    @a978-7-101-08680-5@dCNY28.00
100    @a20120926d2012 em y0chiy50 ea
101 0  @achi
102    @aCN@b110000
105    @aa z 000yy
106    @ar
200 1  @a云林石谱@Ayun lin shi pu@f(宋) 杜绾著@g寇甲,孙林编著
210    @a北京@c中华书局@d2014
215    @a205页@c图@d23cm
300    @a中华生活经典
330    @a本书是我国古代记载最完整、最丰富的一部石谱, 汇载石品116种, 详略不等地叙述其产地、采取方法、形状、颜色、质地优劣、敲击时发出的声音、坚硬程度、纹理、光泽、晶形、透明度、吸湿性、用途等内容。
606 0  @a岩石@x基本知识
690    @aP583@v5
701  0 @c(宋)@a杜绾@Adu wan@4著
702  0 @a寇甲@Akou jia@4编著
702  0 @a孙林@Asun lin@c(美术, @f1963)@4编著
801  0 @aCN@b卓展宏图@c20150525
905    @dP583@e115@f5
    
    云林石谱/(宋) 杜绾著/寇甲,孙林编著.-北京:中华书局,2014
    205页:图;23cm
    中华生活经典
    
    ISBN 978-7-101-08680-5:CNY28.00
    本书是我国古代记载最完整、最丰富的一部石谱, 汇载石品116种, 详略不等地叙述其产地、采取方法、形状、颜色、质地优劣、敲击时发出的声音、坚硬程度、纹理、光泽、晶形、透明度、吸湿性、用途等内容。
●
相关链接 在E读中查询图书 在五车中查询图书 在当当中查询图书 在豆瓣中查询图书


正题名:云林石谱     索取号:P583/115         预约/预借

序号 登录号 条形码 馆藏地/架位号 状态 备注
1 855411   208554116   第二样本阅览室/ [索取号:P583/115] 在馆    
2 855412   208554125   第三借阅区/ [索取号:P583/115] 在馆    
3 855413   208554134   第三借阅区/ [索取号:P583/115] 在馆    
4 855414   208554143   第三借阅区/ [索取号:P583/115] 在馆    
5 855415   208554152   第三借阅区/ [索取号:P583/115] 在馆    
唐山师范学院图书馆 欢迎您!
大连网信软件有限公司© 版权所有